000 00263nam a22000977a 4500
008 130411b xxu||||| |||| 00| 0 eng d
020 _cAvalable
082 _a005.1BIS
245 _aComputer Security: Art and Science
_cBishop, Matt
260 _aIndia
_bPrentice- Hall
_c2003
999 _c23345
_d23345